MARC details
| 000 -LEADER |
| fixed length control field |
03033cas a2200769 i 4500 |
| 001 - CONTROL NUMBER |
| control field |
20841070 |
| 003 - CONTROL NUMBER IDENTIFIER |
| control field |
OSt |
| 005 - DATE AND TIME OF LATEST TRANSACTION |
| control field |
20211108163744.0 |
| 006 - FIXED-LENGTH DATA ELEMENTS--ADDITIONAL MATERIAL CHARACTERISTICS |
| fixed length control field |
m o d |
| 007 - PHYSICAL DESCRIPTION FIXED FIELD--GENERAL INFORMATION |
| fixed length control field |
cr un||||||||| |
| 008 - FIXED-LENGTH DATA ELEMENTS--GENERAL INFORMATION |
| fixed length control field |
190206c20029999ii tr p o 0 0eng |
| 010 ## - LIBRARY OF CONGRESS CONTROL NUMBER |
| LC control number |
2020207507 |
| 015 ## - NATIONAL BIBLIOGRAPHY NUMBER |
| National bibliography number |
GBA418396 |
| Source |
bnb |
| 015 ## - NATIONAL BIBLIOGRAPHY NUMBER |
| National bibliography number |
GBB400015 |
| Source |
bnb |
| 016 7# - NATIONAL BIBLIOGRAPHIC AGENCY CONTROL NUMBER |
| Record control number |
025652230 |
| Source |
DE-101 |
| 016 7# - NATIONAL BIBLIOGRAPHIC AGENCY CONTROL NUMBER |
| Record control number |
2136100-9 |
| Source |
DE-600 |
| 016 7# - NATIONAL BIBLIOGRAPHIC AGENCY CONTROL NUMBER |
| Record control number |
010489319 |
| Source |
Uk |
| 016 7# - NATIONAL BIBLIOGRAPHIC AGENCY CONTROL NUMBER |
| Record control number |
016566608 |
| Source |
Uk |
| 022 ## - INTERNATIONAL STANDARD SERIAL NUMBER |
| International Standard Serial Number |
0973-0710 |
| ISSN-L |
0972-6527 |
| 035 ## - SYSTEM CONTROL NUMBER |
| System control number |
(OCoLC)ocm60626807 |
| 037 ## - SOURCE OF ACQUISITION |
| Stock number |
EMF |
| Source of stock number/acquisition |
Sage (UK) Ltd |
| 040 ## - CATALOGING SOURCE |
| Original cataloging agency |
OCLCS |
| Language of cataloging |
eng |
| Description conventions |
rda |
| -- |
pn |
| Transcribing agency |
OCLCS |
| Modifying agency |
KSU |
| -- |
OCLCQ |
| -- |
CUS |
| -- |
OCLCA |
| -- |
OCLCQ |
| -- |
OCLCF |
| -- |
GPM |
| -- |
NLE |
| -- |
OCLCQ |
| -- |
Z5A |
| -- |
U3W |
| -- |
OCLCQ |
| -- |
UKMGB |
| -- |
YOU |
| -- |
VT2 |
| -- |
NJT |
| -- |
WURST |
| -- |
OCLCQ |
| -- |
DLC |
| 042 ## - AUTHENTICATION CODE |
| Authentication code |
pcc |
| 043 ## - GEOGRAPHIC AREA CODE |
| Geographic area code |
d------ |
| 050 00 - LIBRARY OF CONGRESS CALL NUMBER |
| Classification number |
HG3550 |
| 050 14 - LIBRARY OF CONGRESS CALL NUMBER |
| Classification number |
HG5993 |
| 082 04 - DEWEY DECIMAL CLASSIFICATION NUMBER |
| Classification number |
332.09172405 |
| Edition number |
23 |
| 245 00 - TITLE STATEMENT |
| Title |
Journal of emerging market finance. |
| 246 3# - VARYING FORM OF TITLE |
| Title proper/short title |
JEMF |
| 264 #1 - PRODUCTION, PUBLICATION, DISTRIBUTION, MANUFACTURE, AND COPYRIGHT NOTICE |
| Place of production, publication, distribution, manufacture |
[New Delhi] : |
| Name of producer, publisher, distributor, manufacturer |
Sage, |
| Date of production, publication, distribution, manufacture, or copyright notice |
[2002]- |
| 310 ## - CURRENT PUBLICATION FREQUENCY |
| Current publication frequency |
Three no. a year |
| 336 ## - CONTENT TYPE |
| Content type term |
text |
| Content type code |
txt |
| Source |
rdacontent |
| 337 ## - MEDIA TYPE |
| Media type term |
computer |
| Media type code |
c |
| Source |
rdamedia |
| 338 ## - CARRIER TYPE |
| Carrier type term |
online resource |
| Carrier type code |
cr |
| Source |
rdacarrier |
| 520 3# - SUMMARY, ETC. |
| Summary, etc. |
The Journal of Emerging Market Finance is a forum for debate and discussion on the theory and practice of finance in emerging markets. While the emphasis is on articles that are of practical significance, the journal also covers theoretical and conceptual aspects relating to emerging financial markets. |
| 538 ## - SYSTEM DETAILS NOTE |
| System details note |
Mode of access: World Wide Web. |
| 540 ## - TERMS GOVERNING USE AND REPRODUCTION NOTE |
| Terms governing use and reproduction |
Current copyright fee: GBP30.24 |
| Authorization |
19\0. |
| Institution to which field applies |
Uk |
| 588 0# - SOURCE OF DESCRIPTION NOTE |
| Source of description note |
Print version record. |
| 588 1# - SOURCE OF DESCRIPTION NOTE |
| Source of description note |
Volume 19, issue 2 (August 2020) (SAGE Journals, viewed August 3, 2020). |
| 650 #0 - SUBJECT ADDED ENTRY--TOPICAL TERM |
| Topical term or geographic name entry element |
Banks and banking |
| Geographic subdivision |
Developing countries |
| Form subdivision |
Periodicals. |
| 9 (RLIN) |
9977 |
| 650 #0 - SUBJECT ADDED ENTRY--TOPICAL TERM |
| Topical term or geographic name entry element |
Financial institutions |
| Geographic subdivision |
Developing countries |
| Form subdivision |
Periodicals. |
| 9 (RLIN) |
9978 |
| 650 #0 - SUBJECT ADDED ENTRY--TOPICAL TERM |
| Topical term or geographic name entry element |
Securities |
| Geographic subdivision |
Developing countries |
| Form subdivision |
Periodicals. |
| 9 (RLIN) |
9979 |
| 650 #7 - SUBJECT ADDED ENTRY--TOPICAL TERM |
| Topical term or geographic name entry element |
Banks and banking. |
| Source of heading or term |
fast |
| Authority record control number or standard number |
(OCoLC)fst00826867 |
| 9 (RLIN) |
9980 |
| 650 #7 - SUBJECT ADDED ENTRY--TOPICAL TERM |
| Topical term or geographic name entry element |
Financial institutions. |
| Source of heading or term |
fast |
| Authority record control number or standard number |
(OCoLC)fst00924636 |
| 9 (RLIN) |
9981 |
| 650 #7 - SUBJECT ADDED ENTRY--TOPICAL TERM |
| Topical term or geographic name entry element |
Securities. |
| Source of heading or term |
fast |
| Authority record control number or standard number |
(OCoLC)fst01110743 |
| 9 (RLIN) |
9982 |
| 650 #7 - SUBJECT ADDED ENTRY--TOPICAL TERM |
| Topical term or geographic name entry element |
Finanzmarkt. |
| Source of heading or term |
stw |
| 9 (RLIN) |
9983 |
| 650 #7 - SUBJECT ADDED ENTRY--TOPICAL TERM |
| Topical term or geographic name entry element |
Aufstrebende Märkte. |
| Source of heading or term |
stw |
| 9 (RLIN) |
9984 |
| 651 #7 - SUBJECT ADDED ENTRY--GEOGRAPHIC NAME |
| Geographic name |
Developing countries. |
| Source of heading or term |
fast |
| Authority record control number or standard number |
(OCoLC)fst01242969 |
| 9 (RLIN) |
9985 |
| 653 00 - INDEX TERM--UNCONTROLLED |
| Uncontrolled term |
finance |
| 653 00 - INDEX TERM--UNCONTROLLED |
| Uncontrolled term |
markten |
| 653 00 - INDEX TERM--UNCONTROLLED |
| Uncontrolled term |
markets |
| 653 00 - INDEX TERM--UNCONTROLLED |
| Uncontrolled term |
financieel beheer |
| 653 00 - INDEX TERM--UNCONTROLLED |
| Uncontrolled term |
financial management |
| 653 00 - INDEX TERM--UNCONTROLLED |
| Uncontrolled term |
geldmarkt |
| 653 00 - INDEX TERM--UNCONTROLLED |
| Uncontrolled term |
money market |
| 653 10 - INDEX TERM--UNCONTROLLED |
| Uncontrolled term |
Financial Management, Accountancy |
| 653 10 - INDEX TERM--UNCONTROLLED |
| Uncontrolled term |
Financieel beheer, accountancy |
| 655 #0 - INDEX TERM--GENRE/FORM |
| Genre/form data or focus term |
Electronic journals. |
| 9 (RLIN) |
9986 |
| 655 #7 - INDEX TERM--GENRE/FORM |
| Genre/form data or focus term |
Periodicals. |
| Source of term |
fast |
| Authority record control number or standard number |
(OCoLC)fst01411641 |
| 9 (RLIN) |
9987 |
| 710 2# - ADDED ENTRY--CORPORATE NAME |
| Corporate name or jurisdiction name as entry element |
Industrial Credit and Investment Corporation of India, |
| Relator term |
issuing body. |
| 9 (RLIN) |
9988 |
| 776 08 - ADDITIONAL PHYSICAL FORM ENTRY |
| Title |
Journal of emerging market finance |
| International Standard Serial Number |
0972-6527 |
| Record control number |
(DLC) 2003234232 |
| -- |
(OCoLC)52503069 |
| 906 ## - LOCAL DATA ELEMENT F, LDF (RLIN) |
| a |
7 |
| b |
cbc |
| c |
serasst |
| d |
2 |
| e |
ncip |
| f |
20 |
| g |
n-oclcserc |
| 942 ## - ADDED ENTRY ELEMENTS (KOHA) |
| Source of classification or shelving scheme |
Dewey Decimal Classification |
| Koha item type |
Periodicals |
| Serial record |
1 |